Encyclopedia of chromatography

Uloženo v:
Podrobná bibliografie
Hlavní autor: Cazes, Jack (Autor)
Médium: Kniha
Jazyk:angličtina
Vydáno: Nueva York Marcel Dekker 2001
Témata:
Tagy: Přidat tag
Žádné tagy, Buďte první, kdo vytvoří štítek k tomuto záznamu!

MARC

LEADER 00000nam a2200000 a 4500
001 UCL0472
003 CL-VaPUC
008 030718e20010000US |||||||||||||||||eng|d
020 |a 0824705114 
082 0 4 |a 543.003  |b CAZ  |2 21 
100 0 |a Cazes, Jack  |e author  |9 477166 
245 1 0 |a Encyclopedia of chromatography 
300 |a 927 p 
942 |c BK 
945 |d 20030718 00:00:00  |a cmena 
260 |a Nueva York  |b Marcel Dekker  |c 2001 
650 0 |a Cromatografía   |9 263967 
650 0 |a Enciclopedias  |9 264135 
650 7 |a ELECTROFORESIS  |2 CL-VaPUC  |9 261799 
583 |a last modification  |c 20030718 00:00:00  |k Rodrigo Vera 
999 |c 304340  |d 304338 
952 |0 0  |1 0  |4 0  |6 543_003000000000000_CAZ_2001  |7 0  |8 X  |9 366364  |a BIBCUR  |b BIBCUR  |d 2019-11-21  |i 3922804  |o 543.003 CAZ 2001  |p 3922804  |r 2025-04-22  |w 2019-11-21  |y BK_X  |k BCB